Les 50 plus gros transferts de l'histoire du football - Statistiques

Statistiques générales
  • Ce quiz a été pris 91 fois
  • Le résultat moyen est 37 sur 50
Statistiques - réponses
Prix Joueur Nationalité Depuis % Correct
180M€ Kylian Mbappé France AS Monaco
100%
222M€ Neymar Brésil FC Barcelone
100%
90M€ Neymar Brésil Paris Saint-Germain
100%
88M€ Neymar Brésil Santos FC
100%
117M€ Cristiano Ronaldo Portugal Real Madrid
95%
94M€ Cristiano Ronaldo Portugal Manchester United
95%
135M€ Ousmane Dembélé France Borussia Dortmund
93%
120M€ Antoine Griezmann France Atlético Madrid
89%
135M€ Philippe Coutinho Brésil Liverpool FC
89%
120,8M€ Eden Hazard Belgique Chelsea FC
88%
125M€ Florian Wirtz Allemagne Bayer Leverkusen
88%
101M€ Gareth Bale Pays de Galles Tottenham
88%
105M€ Paul Pogba France Juventus Torino
88%
113M€ Romelu Lukaku Belgique Inter Milan
88%
84,7M€ Romelu Lukaku Belgique Everton FC
88%
95M€ Harry Kane Angleterre Tottenham
85%
113M€ Jude Bellingham Angleterre Borussia Dortmund
84%
117,5M€ Jack Grealish Angleterre Aston Villa
81%
95M€ Randal Kolo Muani France Eintracht Frankfurt
81%
84,65M€ Virgil van Dijk Pays-Bas Southampton FC
81%
127,2M€ João Félix Portugal SL Benfica
80%
76M€ Kevin de Bruyne Belgique VfL Wolfsburg
78%
116,6M€ Declan Rice Angleterre West Ham United
76%
121M€ Enzo Fernández Argentine SL Benfica
76%
116M€ Moisés Caicedo Equateur Brighton
76%
95M€ Antony Brésil Ajax Amsterdam
74%
86M€ Frenkie de Jong Pays-Bas Ajax Amsterdam
72%
87M€ Harry Maguire Angleterre Leicester City
70%
75M€ James Rodríguez Colombie AS Monaco
70%
90M€ Joško Gvardiol Croatie RB Leipzig
70%
85,5M€ Matthijs de Ligt Pays-Bas Ajax Amsterdam
70%
85M€ Darwin Núñez Uruguay SL Benfica
69%
81,72M€ Luis Suárez Uruguay Liverpool FC
69%
75M€ Omar Marmoush Egypte Eintracht Frankfurt
68%
80M€ Nicolas Pépé Côte d'Ivoire LOSC Lille
66%
85M€ Jadon Sancho Angleterre Borussia Dortmund
65%
78,9M€ Victor Osimhen Nigeria LOSC Lille
65%
90M€ Gonzalo Higuaín Argentine SSC Napoli
61%
77,5M€ Zinédine Zidane France Juventus Torino
59%
83,5M€ Dušan Vlahović Serbie AC Fiorentina
57%
75M€ Julián Álvarez Argentine Manchester City
57%
80M€ Lucas Hernández France Bayern München
57%
80,4M€ Wesley Fofana France Leicester City
54%
80M€ Kai Havertz Allemagne Bayer Leverkusen
53%
75M€ Kai Havertz Allemagne Chelsea FC
53%
77,8M€ Rasmus Højlund Danemark Atalanta Bergamo
49%
80M€ Aurélien Tchouaméni France AS Monaco
43%
77M€ Jhon Durán Colombie Aston Villa
38%
80,6M€ Arthur Brésil FC Barcelone
36%
80M€ Kepa Arrizabalaga Espagne Athletic Bilbao
34%
Aucun quiz correspondant
Distribution des résultats
% des personnes avec chaque résultat
Percentile par nombre de réponses
Votre historique - résultats
Vous n’avez pas pris ce quiz